000 00919nam a22002657a 4500
003 DO-SdBNP
005 20240412133825.0
008 160316b1988 sp | 00| 0 spa d
020 _a8477221324
040 _aBPMSU
_bspa
_cBPMSU
082 4 _a813.5
_bS594m 1988
_222
100 1 _aSimon, Morris
_d1926–2005
245 1 3 _aEl misterio de los antiguos /
_cMorris Simon ; ilustraciones interiores, Doug Chaffee ; traducción, Jaime de Marcos Andreu.
260 _aBarcelona :
_bTimun Mas,
_c1988
300 _a157 p. :
_bil. ;
_c19 cm.
490 0 _aAventura sin fin de Dungeons & Dragons
_v22
534 _pTítulo original :
_t Mistery of the ancients
590 _aInventariado, 2024/VM
650 4 _aCuentos juveniles estadounidenses
700 1 _a Andreu, Jaime de Marcos
_etr.
700 1 _aChaffee, Doug,
_eil.
700 1 _aChaffee, Doug,
_eil.
910 _aVMate V. Control de calidad. BPMSU
942 _2ddc
_cBK
999 _c9255
_d9255